Who Won Gold? Milano Cortina 2026 - Statistics

General Stats
  • This quiz has been taken 14 times
  • The average score is 35 of 116
Answer Stats
Event Gold Medalist/s % Correct
Figure Skating - Team Event (T) | Freestyle Skiing - Mixed Team Aerials (T) | Ice Hockey - Men (T) | Ice Hockey - Women (T) United States
85%
Cross-Country Skiing - Men's 4 x 7.5km Relay (T) | Cross-Country Skiing - Men's Team Sprint Free (T) | Cross-Country Skiing - Women's 4 x 7.5km Relay (T) | Nordic Combined - Team Sprint (T) Norway
77%
Cross-Country Skiing - Women's Team Sprint Free (T) | Curling - Mixed Doubles (T) | Curling - Women (T) Sweden
77%
Curling - Men (T) | Speed Skating - Women's Team Pursuit (T) Canada
69%
Luge - Men's Doubles (T) | Luge - Women's Doubles (T) | Short Track Speed Skating - Mixed Team Relay (T) | Speed Skating - Men's Team Pursuit (T) Italy
69%
Figure Skating - Pair Skating (T) Japan
69%
Ski Jumping - Men's Super Team (T) Austria
62%
Bobsleigh - 2-man (T) | Bobsleigh - 2-women (T) | Bobsleigh - 4-man (T) | Luge - Team Relay (T) Germany
62%
Short Track Speed Skating - Men's 5000m Relay (T) Netherlands
62%
Biathlon - Men's 4 x 7.5km Relay (T) | Biathlon - Mixed Relay 4 x 6km (M+W) (T) | Biathlon - Women's 4 x 6km Relay (T) | +2 others France
54%
Skeleton - Mixed Team (T) Great Britain
54%
Figure Skating - Women Single Skating Alysa Liu
46%
Ski Jumping - Mixed Team (T) Slovenia
46%
Alpine Skiing - Women's Team Combined (T) Austria 2
31%
Alpine Skiing - Women's Downhill Breezy Johnson
31%
Cross-Country Skiing - Women's 50km Mass Start Classic Ebba Andersson
31%
Speed Skating - Men's 1000m | Speed Skating - Men's 500m Jordan Stolz
31%
Speed Skating - Women's 1000m Jutta Leerdam
31%
Figure Skating - Men Single Skating Mikhail Shaidorov
31%
Alpine Skiing - Men's Team Combined (T) Switzerland 2
31%
Snowboard - Men's Parallel Giant Slalom Benjamin Karl
23%
Freestyle Skiing - Men's Freeski Slopestyle Birk Ruud
23%
Bobsleigh - Women's Monobob Elana Meyers Taylor
23%
Alpine Skiing - Women's Giant Slalom | Alpine Skiing - Women's Super-G Federica Brignone
23%
Alpine Skiing - Men's Downhill | Alpine Skiing - Men's Super-G Franjo von Allmen
23%
Cross-Country Skiing - Women's 10km + 10km Skiathlon | Cross-Country Skiing - Women's 10km Interval Start Free Frida Karlsson
23%
Speed Skating - Men's Mass Start Jorrit Bergsma
23%
Biathlon - Women's 15km Individual Julia Simon
23%
Alpine Skiing - Men's Giant Slalom Lucas Pinheiro Braathen
23%
Alpine Skiing - Women's Slalom Mikaela Shiffrin
23%
Short Track Speed Skating - Men's 500m Steven Dubois
23%
Freestyle Skiing - Men's Freeski Halfpipe Alex Ferreira
15%
Snowboard - Women's Snowboard Halfpipe Choi Gaon
15%
Freestyle Skiing - Women's Ski Cross Daniela Maier
15%
Ski Jumping - Men's LH Individual Domen Prevc
15%
Freestyle Skiing - Women's Freeski Halfpipe Eileen Ailing Gu
15%
Speed Skating - Women's 500m Femke Kok
15%
Speed Skating - Women's 3000m | Speed Skating - Women's 5000m Francesca Lollobrigida
15%
Skeleton - Women Janine Flock
15%
Nordic Combined - Individual Gundersen Large Hill/10km | Nordic Combined - Individual Gundersen Normal Hill/10km Jens Luraas Oftebro
15%
Short Track Speed Skating - Men's 1000m | Short Track Speed Skating - Men's 1500m Jens van 'T Wout
15%
Biathlon - Men's 15km Mass Start Johannes Dale-Skjevdal
15%
Cross Country Skiing - Men's 10km + 10km Skiathlon | Cross-Country Skiing - Men's 10km Interval Start Free | Cross-Country Skiing - Men's 50km Mass Start Classic | Cross-Country Skiing - Men's Sprint Classic Johannes Hoesflot Klaebo
15%
Biathlon - Men's 20km Individual Johan-Olav Botn
15%
Luge - Women's Singles Julia Taubitz
15%
Short Track Speed Skating - Women's 1500m Kim Gilli
15%
Snowboard - Women's Snowboard Big Air Kokomo Murase
15%
Short Track Speed Skating - Women's 3000m Relay (T) Korea
15%
Biathlon - Women's 10km Pursuit Lisa Vittozzi
15%
Alpine Skiing - Men's Slalom Loic Meillard
15%
Biathlon - Women's 7.5km Sprint Maren Kirkeeide
15%
Snowboard - Women's Snowboard Slopestyle Mari Fukada
15%
Speed Skating - Women's Mass Start Marijke Groenewoud
15%
Biathlon - Men's 12.5km Pursuit Martin Ponsiluoma
15%
Skeleton - Men Matt Weston
15%
Luge - Men's Singles Max Langenhan
15%
Freestyle Skiing - Men's Dual Moguls Mikael Kingsbury
15%
Speed Skating - Men's 1500m Ning Zhongyan
15%
Biathlon - Women's 12.5km Mass Start Oceane Michelon
15%
Biathlon - Men's 10km Sprint Quentin Fillon Maillet
15%
Speed Skating - Men's 5000m Sander Eitrem
15%
Freestyle Skiing - Men's Ski Cross Simone Deromedis
15%
Short Track Speed Skating - Women's 1000m | Short Track Speed Skating - Women's 500m Xandra Velzeboer
15%
Snowboard - Men's Snowboard Halfpipe Yuto Totsuka
15%
Snowboard - Women's Parallel Giant Slalom Zuzana Maderova
15%
Snowboard - Men's Snowboard Cross Alessandro Haemmerle
8%
Ski Jumping - Women's LH Individual | Ski Jumping - Women's NH Individual Anna Odine Stroem
8%
Freestyle Skiing - Men's Moguls Cooper Woods
8%
Freestyle Skiing - Women's Moguls Elizabeth Lemley
8%
Snowboard - Mixed Team Snowboard Cross (T) Great Britain 1
8%
Freestyle Skiing - Women's Dual Moguls Jakara Anthony
8%
Snowboard - Women's Snowboard Cross Josie Baff
8%
Snowboard - Men's Snowboard Big Air Kira Kimura
8%
Cross-Country Skiing - Women's Sprint Classic Linn Svahn
8%
Ski Mountaineering - Women's Sprint Marianne Fatton
8%
Freestyle Skiing - Women's Freeski Slopestyle Mathilde Gremaud
8%
Freestyle Skiing - Women's Freeski Big Air Megan Oldham
8%
Ski Jumping - Men's NH Individual Philipp Raimund
8%
Snowboard - Men's Snowboard Slopestyle Su Yiming
8%
Freestyle Skiing - Men's Freeski Big Air Tormod Frostad
8%
Freestyle Skiing - Women's Aerials Xu Mengtao
8%
Speed Skating - Women's 1500m Antoinette Rijpma-de Jong
0%
Speed Skating - Men's 10000m Matodej Jilek
0%
Ski Mountaineering - Men's Sprint Oriol Cardona Coll
0%
Freestyle Skiing - Men's Aerials Xang Xindi
0%
No matching quizzes found
Score Distribution
Percent of People with Each Score
Percentile by Number Answered
Your Score History
You have not taken this quiz